000 00508nam a22001817a 4500
005 20240610145111.0
008 240610b |||||||| |||| 00| 0 eng d
020 _a9789332515901
082 _a004.6
_bBEA- N
100 _aBeasley, Jeffrey S.
245 _aNetworking Essentials /
_cPiyasat Nikaew
260 _aUSA:
_bPEARSON;
_c2013.
300 _a535 P. :
_bill;
_c23 cm.
500 _ainclude index.
650 _acomputer science/ web operating system
700 _aPiyasat Nikaew
999 _c35882
_d35882